| 000 | 01092nam a22003497a 4500 | ||
|---|---|---|---|
| 001 | BR8107482 | ||
| 003 | BR-BrBNA | ||
| 005 | 20230928091117.0 | ||
| 007 | ta | ||
| 008 | 230509b bl.||||| |||| 00| 0 por d | ||
| 040 |
_aBR-BrBNA _bpor _cBiblioteca Nacional de Agricultura |
||
| 041 | _a(Por) | ||
| 072 |
_aE30; E50; E15 _b/G514 |
||
| 090 | _ E30 BR8107482 | ||
| 100 | 1 | _aBarbosa, A.R. | |
| 100 | 1 | _aGomes, M.D.C. | |
| 100 | 1 | _aGalvao, M.R.S. | |
| 110 | 1 |
_aFundacao Estadual de Planejamento Agricola do Rio Grande do Norte, Natal (Brasil) _94891 |
|
| 245 | 1 | _aProjeto de desenvolvimento rural integrado da Serra do Mel - repercussoes socio-economicas [Rio Grande do Norte, Brasil] | |
| 260 | 3 |
_aNatal, RN (Brasil): _c1981. |
|
| 300 | _a52 p. | ||
| 500 | _a8 tables | ||
| 650 | _aPROJETO DE DESENVOLVIMENTO | ||
| 650 | _aSOCIOLOGIA RURAL | ||
| 650 | _aMICROECONOMIA | ||
| 650 | _aPOLITICA AGRICOLA | ||
| 650 | _aDESENVOLVIMENTO RURAL | ||
| 650 | _aDESENVOLVIMENTO COMUNITARIO | ||
| 650 | _aRIO GRANDE DO NORTE | ||
| 909 |
_a202309 _bLucia _c55 _dLucia Elande |
||
| 942 | _cBK | ||
| 999 |
_c32277 _d32277 |
||